Pelczar’s a textbook of microbiology (Record no. 395804)

MARC details
000 -LEADER
fixed length control field 00498 a2200205 4500
005 - DATE & TIME
control field 20260317090657.0
008 - FIXED-LENGTH DATA ELEMENTS--GENERAL INFORMATION
fixed length control field 260316b |||||||| |||| 00| 0 eng d
020 ## - ISBN
International Standard Book Number 9789363636248
Price Rs. 1095.00
040 ## - CATALOGING SOURCE
Original cataloging agency VIVEKANANDA LIBRARY
082 ## - DDC NUMBER
Classification number 579
Book Number A32P(7)
100 ## - MAIN ENTRY--PERSONAL NAME
Personal name Aneja, K R
245 ## - TITLE STATEMENT
Title Pelczar’s a textbook of microbiology
250 ## - EDITION STATEMENT
Edition statement 7th
260 ## - PUBLICATION, DISTRIBUTION, ETC. (IMPRINT)
Name of publisher, distributor, etc Medtech
Place of publication, distribution, etc New Delhi
Date of publication, distribution, etc 2026
300 ## - PHYSICAL DESCRIPTION
Pages xi, 924
650 ## - Subject
Subject Microbiology
650 ## - Subject
Subject Microbial
650 ## - Subject
Subject Genetics
942 ## - ADDED ENTRY ELEMENTS (KOHA)
Koha item type Books
Holdings
Withdrawn status Lost status Source of classification or shelving scheme Damaged status Not for loan Location (home branch) Sublocation or collection (holding branch) Shelving location Date acquired Koha issues (times borrowed) Koha full call number Accession No. Koha date last seen Koha item type
    Dewey Decimal Classification     VIVEKANANDA LIBRARY VIVEKANANDA LIBRARY Vivekananda Library 17/02/2026   579 A32P(7) 438311 17/02/2026 Books
© Designed and Maintained by Vivekananda Library, MDU Rohtak